000 00493nam a2200145Ia 4500
008 100122s9999 xx 000 0 und d
082 _b65993
_a920
100 _aमेहेंदळे विश्वास
245 _aस्मृती विस्मृती
260 _bसिग्नेट पब्लिकेशन
_c2004
300 _a132
630 _aस्मृती विस्मृती
730 _aस्मृती विस्मृती
942 _cBOOK
999 _c438765
_d438762